<?xml version="1.0" encoding="UTF-8"?>
<record
    xmlns:xsi="http://www.w3.org/2001/XMLSchema-instance"
    xsi:schemaLocation="http://www.loc.gov/MARC21/slim http://www.loc.gov/standards/marcxml/schema/MARC21slim.xsd"
    xmlns="http://www.loc.gov/MARC21/slim">

  <leader>02632nam a22003377a 4500</leader>
  <datafield tag="999" ind1=" " ind2=" ">
    <subfield code="c">21867</subfield>
    <subfield code="d">21867</subfield>
  </datafield>
  <controlfield tag="003">AR-CdUCM</controlfield>
  <controlfield tag="008">190425b           ||||| |||| 00| 0 spa d</controlfield>
  <datafield tag="040" ind1=" " ind2=" ">
    <subfield code="a">MUNICIPALIDAD PROVINCIAL DEL CUSCO</subfield>
    <subfield code="c">BIBLIOTECA MUNICIPAL DEL CUSCO</subfield>
  </datafield>
  <datafield tag="082" ind1=" " ind2=" ">
    <subfield code="a">Rev.DIMA/N&#xB0;19/1961</subfield>
  </datafield>
  <datafield tag="110" ind1=" " ind2=" ">
    <subfield code="a">Instituto y Museo Arqueol&#xF3;gico de la Universidad Nacional del Cuzco</subfield>
    <subfield code="9">46550</subfield>
  </datafield>
  <datafield tag="245" ind1=" " ind2=" ">
    <subfield code="a">Revista del Museo e Instituto Arqueol&#xF3;gico /</subfield>
    <subfield code="c">Luis A. Pardo, director, Universidad Nacional del Cuzco</subfield>
  </datafield>
  <datafield tag="260" ind1=" " ind2=" ">
    <subfield code="a">Cusco :</subfield>
    <subfield code="b">H.G. Rozas,</subfield>
    <subfield code="c">1961.</subfield>
  </datafield>
  <datafield tag="300" ind1=" " ind2=" ">
    <subfield code="a">386 p&#xE1;ginas. :</subfield>
    <subfield code="b">ilustraciones, 1 plano ;</subfield>
    <subfield code="c">21 cm.</subfield>
  </datafield>
  <datafield tag="440" ind1=" " ind2=" ">
    <subfield code="a">Revista del Museo e Instituto Arqueol&#xF3;gico.</subfield>
    <subfield code="n">A&#xF1;o XII, 1961. N&#xB0;19.</subfield>
    <subfield code="9">46562</subfield>
  </datafield>
  <datafield tag="505" ind1=" " ind2=" ">
    <subfield code="a">Contenido: Breves apuntes de la vida y obra de Hiram Bingham. Albert A. Giesecke. -- Una excursi&#xF3;n a Machupicchu. Jos&#xE9; Gabriel Cosi&#xF3;. -- Descubrimientos arqueol&#xF3;gicos. Hiram Bingham. -- Discurso en el Instituto Hist&#xF3;rico del Cuzco. Hiram Bingham. -- Incalandia. Hiram Bingham. -- Una antigua ciudad de los incas. Hiram Bingham. -- Una excursi&#xF3;n a Machupicchu. Luis E. Valc&#xE1;rcel. --  Wayna Picchu. Marques de Wavrin. -- Machupicchu. Jorge Cornejo Bouroncle. -- El urbanismo en el antiguo Per&#xFA;, Machupicchu ciudad aut&#xE1;rquica. Emilio Harth Terr&#xE9;. -- Machupicchu monumento incaico. Luis E. Valc&#xE1;rcel. -- La alfarer&#xED;a de Mchupicchu. Manuel Ch&#xE1;vez Ball&#xF3;n. -- El misterio de Machupicchu. V&#xED;ctor P&#xE9;rez Armend&#xE1;riz. --  Exposici&#xF3;n de los trabajos de defensa consolidaci&#xF3;n y restauraci&#xF3;n realizados en Machupicchu en los &#xFA;ltimos veintid&#xF3;s a&#xF1;os. Luis A. Pardo. -- Machupicchu octava maravilla del mundo. Felipe de La Barra. -- Machupicchu una joya arquitect&#xF3;nica de los incas, Luis A. Pardo. -- Machupicchu ciudad de la ultima esperanza. Juan Larrea. -- Informe elevado al supremo gobierno sobre los trabajos de la expedici&#xF3;n cient&#xED;fica de la Universidad de Yale. Jos&#xE9; Gabriel Cosi&#xF3;. -- Homenaje bot&#xE1;nico a Machupicchu. C&#xE9;sar Vargas C.</subfield>
  </datafield>
  <datafield tag="650" ind1=" " ind2=" ">
    <subfield code="a">Arqueolog&#xED;a cusque&#xF1;a</subfield>
    <subfield code="9">9322</subfield>
  </datafield>
  <datafield tag="650" ind1=" " ind2=" ">
    <subfield code="a">Historia del Cusco</subfield>
    <subfield code="9">1714</subfield>
  </datafield>
  <datafield tag="650" ind1=" " ind2=" ">
    <subfield code="a">Machupicchu</subfield>
    <subfield code="9">1751</subfield>
  </datafield>
  <datafield tag="650" ind1=" " ind2=" ">
    <subfield code="a">Santuario Hist&#xF3;rico de Machupicchu</subfield>
    <subfield code="9">16682</subfield>
  </datafield>
  <datafield tag="700" ind1=" " ind2=" ">
    <subfield code="a">Pardo, Luis A</subfield>
    <subfield code="9">25736</subfield>
  </datafield>
  <datafield tag="700" ind1=" " ind2=" ">
    <subfield code="a">Harth Terr&#xE9;, Emilio</subfield>
    <subfield code="9">46011</subfield>
  </datafield>
  <datafield tag="700" ind1=" " ind2=" ">
    <subfield code="a">Bingham, Hiram</subfield>
    <subfield code="9">29941</subfield>
  </datafield>
  <datafield tag="700" ind1=" " ind2=" ">
    <subfield code="a">Cosi&#xF3;, Jos&#xE9; Gabriel</subfield>
    <subfield code="9">11720</subfield>
  </datafield>
  <datafield tag="700" ind1=" " ind2=" ">
    <subfield code="a">Valc&#xE1;rcel, Luis E</subfield>
    <subfield code="9">628</subfield>
  </datafield>
  <datafield tag="700" ind1=" " ind2=" ">
    <subfield code="a">Cornejo Bouroncle, Jorge</subfield>
    <subfield code="9">15278</subfield>
  </datafield>
  <datafield tag="700" ind1=" " ind2=" ">
    <subfield code="a">Ch&#xE1;vez Ball&#xF3;n, Manuel</subfield>
    <subfield code="9">45977</subfield>
  </datafield>
  <datafield tag="710" ind1=" " ind2=" ">
    <subfield code="a">Universidad Nacional de San Antonio Abad del Cusco</subfield>
    <subfield code="9">15942</subfield>
  </datafield>
  <datafield tag="942" ind1=" " ind2=" ">
    <subfield code="2">ddc</subfield>
    <subfield code="c">PP</subfield>
  </datafield>
  <datafield tag="945" ind1=" " ind2=" ">
    <subfield code="a">rac</subfield>
  </datafield>
  <datafield tag="952" ind1=" " ind2=" ">
    <subfield code="0">0</subfield>
    <subfield code="2">ddc</subfield>
    <subfield code="4">0</subfield>
    <subfield code="7">0</subfield>
    <subfield code="a">HEM</subfield>
    <subfield code="b">HEM</subfield>
    <subfield code="c">CART</subfield>
    <subfield code="d">2021-08-31</subfield>
    <subfield code="g">10.00</subfield>
    <subfield code="o">Rev.DIMA/N&#xB0;19/1961</subfield>
    <subfield code="p">REVC000357</subfield>
    <subfield code="r">2021-08-31</subfield>
    <subfield code="y">PP</subfield>
  </datafield>
  <datafield tag="952" ind1=" " ind2=" ">
    <subfield code="0">0</subfield>
    <subfield code="2">ddc</subfield>
    <subfield code="4">0</subfield>
    <subfield code="7">0</subfield>
    <subfield code="a">HEM</subfield>
    <subfield code="b">HEM</subfield>
    <subfield code="c">CART</subfield>
    <subfield code="d">2021-08-31</subfield>
    <subfield code="g">10.00</subfield>
    <subfield code="o">Rev.DIMA/N&#xB0;19/1961/e.2</subfield>
    <subfield code="p">REVC000358</subfield>
    <subfield code="r">2021-08-31</subfield>
    <subfield code="y">PP</subfield>
  </datafield>
  <datafield tag="952" ind1=" " ind2=" ">
    <subfield code="0">0</subfield>
    <subfield code="2">ddc</subfield>
    <subfield code="4">0</subfield>
    <subfield code="7">0</subfield>
    <subfield code="a">HEM</subfield>
    <subfield code="b">HEM</subfield>
    <subfield code="c">CART</subfield>
    <subfield code="d">2021-08-31</subfield>
    <subfield code="g">10.00</subfield>
    <subfield code="o">Rev.DIMA/N&#xB0;19/1961/e.3</subfield>
    <subfield code="p">REVC000359</subfield>
    <subfield code="r">2021-08-31</subfield>
    <subfield code="y">PP</subfield>
  </datafield>
  <datafield tag="952" ind1=" " ind2=" ">
    <subfield code="0">0</subfield>
    <subfield code="2">ddc</subfield>
    <subfield code="4">0</subfield>
    <subfield code="7">0</subfield>
    <subfield code="a">HEM</subfield>
    <subfield code="b">HEM</subfield>
    <subfield code="c">CART</subfield>
    <subfield code="d">2021-08-31</subfield>
    <subfield code="g">10.00</subfield>
    <subfield code="o">Rev.DIMA/N&#xB0;19/1961/e.4</subfield>
    <subfield code="p">REVC000360</subfield>
    <subfield code="r">2021-08-31</subfield>
    <subfield code="y">PP</subfield>
  </datafield>
</record>
